| 000 | 01973nam a2200553 i 4500 | ||
|---|---|---|---|
| 001 | 33063 | ||
| 003 | KOSZ 005 | ||
| 005 | 20230206090521.0 | ||
| 008 | 970510s1994 pl a |000 0 pol | ||
| 015 | _aUWD 1994/2986 | ||
| 020 | _a8321111254 | ||
| 035 | _a991000438509705066 | ||
| 035 | _a(PL-WaBN)b1016022x-48omnis_nlop | ||
| 035 | _ab1016022x | ||
| 035 | _a(OCoLC)830053043 | ||
| 035 | _a(PL)b0000001016022 | ||
| 035 | _a(EXLNZ-48OMNIS_NETWORK)9910332753605606 | ||
| 040 |
_aWA N _cWA N _dWA N _dKOSZ 005/HR |
||
| 041 | 1 |
_apol _heng _hger |
|
| 046 | _k1976 | ||
| 080 | _a37.018.1 | ||
| 080 | _a159.922.7 | ||
| 080 | _a159.9-055.5 | ||
| 100 | 1 |
_aGordon, Thomas _d(1918-2002) _eAutor |
|
| 245 | 1 | 0 |
_aWychowanie bez porażek w praktyce : _bjak rozwiązywać konflikty z dziećmi / _cThomas Gordon ; tł. [z niem.] i wstęp Elżbieta Sujak. |
| 246 | 1 |
_iTyt. oryg.: _aParent effectiveness training in action, _f1976 |
|
| 246 | 1 |
_iTyt. tł.: _aFamilienkonferenz in der Praxis, _f1981 |
|
| 260 |
_aWarszawa : _b"Pax", _c1994. |
||
| 300 |
_a326, [2] s. : _brys. ; _c20 cm. |
||
| 336 |
_aTekst _btxt _2rdacontent |
||
| 337 |
_aBez urządzenia pośredniczącego _bn _2rdamedia |
||
| 338 |
_aWolumin _bnc _2rdacarrier |
||
| 380 | _aKsiążki | ||
| 388 | _a1901-2000 | ||
| 388 | _a1945-1989 | ||
| 388 | _a1989-2000 | ||
| 490 | 1 | _aWychowanie Religijne Dzieci i Młodzieży | |
| 650 | 7 |
_aPsychologia dziecka _2DBN |
|
| 650 | 7 |
_aWychowanie w rodzinie _2DBN |
|
| 655 | 7 | _aPoradniki dla rodziców | |
| 658 | _aEdukacja i pedagogika | ||
| 658 | _aRodzina, relacje międzyludzkie | ||
| 700 | 1 |
_aSujak, Elżbieta _d(1925-2021) _eTłumaczenie |
|
| 710 | 2 |
_aInstytut Wydawniczy "Pax" _4pbl |
|
| 830 | 0 | _aWychowanie Religijne Dzieci i Młodzieży | |
| 856 |
_uhttp://koha.tu.koszalin.pl/cgi-bin/koha/opac-detail.pl?biblionumber=33063 _yKatalog online BPK |
||
| 942 |
_2UKD _cKS |
||
| 999 |
_c33063 _d33063 |
||